| 000 | 00586nam a22001697a 4500 | ||
|---|---|---|---|
| 999 |
_c17869 _d17869 |
||
| 003 | AR-CdUCM | ||
| 008 | 190510b ||||| |||| 00| 0 spa d | ||
| 040 |
_aMUNICIPALIDAD PROVINCIAL DEL CUSCO _cBIBLIOTECA MUNICIPAL DEL CUSCO |
||
| 082 |
_a910.46 / _bS81 |
||
| 100 |
_aStine, G. Harry _938072 |
||
| 245 | _aEl hombre en las fronteras del Espacio / | ||
| 260 |
_aArgentina ; _bPlaza & Janes, _c1964. |
||
| 300 |
_a159 páginas ; _c18 cm. |
||
| 505 | _aTratando de llegar arriba -- Todo es cuestión de presión -- No es calor, es la humanidad... | ||
| 942 |
_2ddc _cLIBROS |
||
| 945 | _awfj | ||